Paroles - Song for a Dream - Indochine - Statistiques

Statistiques générales
  • Ce quiz a été pris 77 fois
  • Le résultat moyen est 197 sur 235
Statistiques - réponses
Paroles % Correct
de
100%
Et
100%
J'aimerai
100%
le
100%
mon
100%
Mon
100%
père
100%
rêve
100%
aimer
97%
dieux
97%
être
97%
Être
97%
J'aimerais
97%
j'aimerais
97%
les
97%
Les
97%
ne
97%
un
97%
âme
94%
n'existent
94%
pas
94%
plus
94%
avoir
91%
bien
91%
comprendre
91%
peur
91%
qu'il
91%
vie
91%
vivant
91%
Attaque
88%
croix
88%
des
88%
juste
88%
me
88%
On
88%
réussira
88%
sera
88%
te
88%
Tombera
88%
C'est
85%
c'est
85%
diable
85%
diables
85%
idéal
85%
ma
85%
mes
85%
ou
85%
85%
Tomberont
85%
voir
85%
attende
82%
faire
82%
grandir
82%
incroyable
82%
quoi
82%
rêves
82%
Acceuillir
79%
détruis
79%
impossible
79%
que
79%
Que
79%
réfugiés
79%
savoir
79%
tu
79%
Tu
79%
désir
76%
essayer
76%
une
76%
arrière
74%
aura
74%
détruis
74%
en
74%
sentir
74%
Revenir
71%
revenir
71%
Je
68%
je
68%
vieillir
68%
douleurs
65%
guérir
65%
important
65%
tes
65%
âmes
62%
Atténuer
62%
cru
62%
guerrier
62%
jamais
62%
seras
62%
comment
59%
Quelqu'un
59%
quelqu'un
59%
reviennes
59%
souffrir
59%
voudrais
59%
la
56%
nuit
56%
n'y
56%
d'effrayant
53%
meilleur
53%
moi
53%
d'une
47%
rien
47%
demain
44%
disparaîtraient
44%
dit
44%
m'avait
44%
rêvais
44%
j'oublie
41%
n'était
41%
réalités
41%
toutes
41%
nos
38%
peurs
38%
Aucun quiz correspondant
Distribution des résultats
% des personnes avec chaque résultat
Percentile par nombre de réponses
Votre historique - résultats
Vous n’avez pas pris ce quiz